| 000 | 01647nam a2200301Ia 4500 | ||
|---|---|---|---|
| 999 |
_c54750 _d54750 |
||
| 001 | 21817 | ||
| 003 | GE_BSU | ||
| 005 | 20220523155944.0 | ||
| 008 | 181216s ||||ge |||||||||||||| ||geo|| | ||
| 020 | _a978-99940-63-97-0 | ||
| 040 | _cGE_BSU | ||
| 041 | _ageo | ||
| 080 | _a821.353.1(075.3) ს-92 | ||
| 100 |
_aსულაკაური, ბაკურ _913805 |
||
| 245 |
_aქართული 2 კლასი : _b მოსწავლის წიგნი / _cბაკურ სულაკაური, მარინე ბედოშვილი, თინათინ კუხიანიძე ; რედ. რუსუდან გორგაძე ; მხატვ. : სოფიო კინწურაშვილი, ლანა თოფლიშვილი. |
||
| 264 |
_aთბილისი : _bბაკურ სულაკაურის გამ-ბა, _c2007. |
||
| 300 |
_a169 გვ. : _b ილ. ; _c27 სმ. |
||
| 541 | _h10 ლ. | ||
| 653 | _aმოსწავლის წიგნი | ||
| 653 | _aქართული 2 კლასი | ||
| 653 | _aქართული ენა | ||
| 700 |
_aბედოშვილი, მარინე _eავტორი _913806 |
||
| 700 |
_aკუხიანიძე, თინათინ _eავტორი _913807 |
||
| 700 |
_aგორგაძე, რუსუდან _eრედაქტორი _97136 |
||
| 700 |
_aკინწურაშვილი, სოფიო _eმხატვარი _913808 |
||
| 700 |
_aთოფლიშვილი, ლანა _eმხატვარი _913809 |
||
| 942 |
_cBK _2udc |
||